<?xml version="1.0" encoding="UTF-8"?><?xml-stylesheet type="text/xsl" href="static/style.xsl"?><OAI-PMH xmlns="http://www.openarchives.org/OAI/2.0/" xmlns:xsi="http://www.w3.org/2001/XMLSchema-instance" xsi:schemaLocation="http://www.openarchives.org/OAI/2.0/ http://www.openarchives.org/OAI/2.0/OAI-PMH.xsd"><responseDate>2026-04-13T01:51:38Z</responseDate><request verb="GetRecord" identifier="oai:www.recercat.cat:2445/141740" metadataPrefix="marc">https://recercat.cat/oai/request</request><GetRecord><record><header><identifier>oai:recercat.cat:2445/141740</identifier><datestamp>2025-12-04T21:44:43Z</datestamp><setSpec>com_2072_1057</setSpec><setSpec>col_2072_478917</setSpec><setSpec>col_2072_478933</setSpec></header><metadata><record xmlns="http://www.loc.gov/MARC21/slim" xmlns:dcterms="http://purl.org/dc/terms/" xmlns:xsi="http://www.w3.org/2001/XMLSchema-instance" xmlns:doc="http://www.lyncode.com/xoai" xsi:schemaLocation="http://www.loc.gov/MARC21/slim http://www.loc.gov/standards/marcxml/schema/MARC21slim.xsd">
   <leader>00925njm 22002777a 4500</leader>
   <datafield ind2=" " ind1=" " tag="042">
      <subfield code="a">dc</subfield>
   </datafield>
   <datafield ind2=" " ind1=" " tag="720">
      <subfield code="a">Tomé, Maria</subfield>
      <subfield code="e">author</subfield>
   </datafield>
   <datafield ind2=" " ind1=" " tag="720">
      <subfield code="a">Grabulosa, Arnald</subfield>
      <subfield code="e">author</subfield>
   </datafield>
   <datafield ind2=" " ind1=" " tag="720">
      <subfield code="a">Rocamora, Mercè</subfield>
      <subfield code="e">author</subfield>
   </datafield>
   <datafield ind2=" " ind1=" " tag="720">
      <subfield code="a">Aullón López, Gabriel</subfield>
      <subfield code="e">author</subfield>
   </datafield>
   <datafield ind2=" " ind1=" " tag="720">
      <subfield code="a">Font Bardia, Ma. Mercedes</subfield>
      <subfield code="e">author</subfield>
   </datafield>
   <datafield ind2=" " ind1=" " tag="720">
      <subfield code="a">Calvet Pallàs, Maria Teresa</subfield>
      <subfield code="e">author</subfield>
   </datafield>
   <datafield ind2=" " ind1=" " tag="720">
      <subfield code="a">López Martínez, Ma. Concepción</subfield>
      <subfield code="e">author</subfield>
   </datafield>
   <datafield ind2=" " ind1=" " tag="260">
      <subfield code="c">2019-10-04T17:15:44Z</subfield>
   </datafield>
   <datafield ind2=" " ind1=" " tag="260">
      <subfield code="c">2019-10-04T17:15:44Z</subfield>
   </datafield>
   <datafield ind2=" " ind1=" " tag="260">
      <subfield code="c">2019-09-27</subfield>
   </datafield>
   <datafield ind2=" " ind1=" " tag="260">
      <subfield code="c">2019-10-04T17:15:44Z</subfield>
   </datafield>
   <datafield ind2=" " ind1=" " tag="520">
      <subfield code="a">The study of the reactivity of three 2-phenyl-3H-indole ligands of general formulae C8H3N-2-(C6H4-4-R1)-3-NOMe-5-R2 (1) [with R1 = H, R2 = OMe (a); R1 = R2 = H (b) or R1 = Cl, R2 = H (c)] with [Pd(η3-1-R3C3H4)(μ-Cl)]2 (R3 = H or Ph) has allowed us to isolate two sets of new Pd(II)-allyl complexes of general formulae [Pd(η3-1-R3C3H4)(1)Cl] {R3 = H (2) or Ph (3)}. Compounds 2a-2c and 3a-3c were characterized by elemental analyses, mass spectrometry and IR spectroscopy. The crystal structures of 2a, 3a and 3b were also determined by X-ray diffraction. 1H-NMR studies reveal the coexistence of two (for 2a-2c) or three (for 3a-3c) isomeric forms in CD2Cl2 solutions at 182 K. Additional studies on the catalytic activity of mixtures containing [Pd(η3-C3H5)(μ-Cl)]2 and the parent ligand (1a-1c) in the allylic alkylation of (E)-3-phenyl-2-propenyl (cinnamyl) acetate with sodium diethyl 2-methylmalonate as well as the stoichiometric reaction between compounds 3a and 3c with the nucleophile reveal that in both cases the formation of the linear trans- derivative is strongly preferred over the branched product. Computational studies at a DFT level on compound 3a allowed us to compare the relative stability of their isomeric forms present in solution and to explain the regioselectivity of the catalytic and stoichiometric processes.</subfield>
   </datafield>
   <datafield tag="653" ind2=" " ind1=" ">
      <subfield code="a">Catàlisi homogènia</subfield>
   </datafield>
   <datafield tag="653" ind2=" " ind1=" ">
      <subfield code="a">Lligands</subfield>
   </datafield>
   <datafield tag="653" ind2=" " ind1=" ">
      <subfield code="a">Compostos orgànics</subfield>
   </datafield>
   <datafield tag="653" ind2=" " ind1=" ">
      <subfield code="a">Homogeneous catalysis</subfield>
   </datafield>
   <datafield tag="653" ind2=" " ind1=" ">
      <subfield code="a">Ligands</subfield>
   </datafield>
   <datafield tag="653" ind2=" " ind1=" ">
      <subfield code="a">Organic compounds</subfield>
   </datafield>
   <datafield ind2="0" ind1="0" tag="245">
      <subfield code="a">Synthesis, characterization, solution behavior and theoretical studies of Pd(II) Allyl Complexes with 2-Phenyl-3H-indoles as ligands</subfield>
   </datafield>
</record></metadata></record></GetRecord></OAI-PMH>